Introduction to mass spectrometry by J Throck Watson (Record no. 1214760)

MARC details
000 -LEADER
fixed length control field 01148nam a2200313Ia 4500
003 - CONTROL NUMBER IDENTIFIER
control field OSt
005 - DATE AND TIME OF LATEST TRANSACTION
control field 20221007125140.0
008 - FIXED-LENGTH DATA ELEMENTS--GENERAL INFORMATION
fixed length control field 221006b |||||||| |||| 00| 0 eng d
020 ## - INTERNATIONAL STANDARD BOOK NUMBER
International Standard Book Number 0397516886 (hbd)
-- 91.00
037 ## - SOURCE OF ACQUISITION
Terms of availability Textual
040 ## - CATALOGING SOURCE
Original cataloging agency CDL
Transcribing agency CDL
Language of cataloging eng
041 ## - LANGUAGE CODE
Source of code eng
Language code of text/sound track or separate title eng
100 ## - MAIN ENTRY--PERSONAL NAME
Personal name Watson J Throck
9 (RLIN) 721609
245 #0 - TITLE STATEMENT
Title Introduction to mass spectrometry by J Throck Watson
250 ## - EDITION STATEMENT
Edition statement Ed 3
260 ## - PUBLICATION, DISTRIBUTION, ETC.
Place of publication, distribution, etc. Philadelphia
Name of publisher, distributor, etc. Lippincott-Raven Publishers
Date of publication, distribution, etc. 1997
300 ## - PHYSICAL DESCRIPTION
Extent ix, 496p
Dimensions cm.
490 ## - SERIES STATEMENT
Volume/sequential designation Tables given at the end of the book [3p]
500 ## - GENERAL NOTE
General note Includes bibliographical references; Appendix 453-469p; Index 471-496p; ^n23/CSL/Carc/97-98/4901^d1997-11-20^mPurchase; ; 97-98/450^b1998-03-20^cEBA/285/97-98^d1998-03-17^eEducational Book Agenct (India); ; 1998-04-07^c1998-04-07^r1998-09-04
650 ## - SUBJECT ADDED ENTRY--TOPICAL TERM
Topical term or geographic name entry element Analytical chemistry
650 ## - SUBJECT ADDED ENTRY--TOPICAL TERM
Topical term or geographic name entry element Spectrometry
9 (RLIN) 715865
650 ## - SUBJECT ADDED ENTRY--TOPICAL TERM
Topical term or geographic name entry element Chemistry
942 ## - ADDED ENTRY ELEMENTS (KOHA)
Classification part E:3,E5, N7
Koha item type Textual
Source of classification or shelving scheme Colon Classification (CC)
Holdings
Withdrawn status Lost status Source of classification or shelving scheme Damaged status Not for loan Home library Current library Date acquired Source of acquisition Serial Enumeration / chronology Total Checkouts Full call number Barcode Date last seen Price effective from Koha item type
    Colon Classification (CC)     Department of Chemistry Library Department of Chemistry Library 2022-10-07 Educational, Tables given at the end of the book [3p]   E:3,E5 N7 CD0006288 2022-10-07 2022-10-07 Textual
Copyright @ Delhi University Library System